| 000 | 00965cam a2200277 a 4500 | ||
|---|---|---|---|
| 001 | 000005539 | ||
| 005 | 20200929151715.0 | ||
| 008 | 960412s1995 sp a b 000 0 spa | ||
| 010 | _a96137452 | ||
| 020 | _a8437613728 | ||
| 040 |
_aDO-SdBNP _cDLC |
||
| 082 |
_a862.6 _bG633t |
||
| 100 | 1 |
_aGómez de la Serna, Ramón, _d1888-1963. _914278 |
|
| 245 | 1 | 0 |
_aTeatro muerto : _bantología / _cRamón Gómez de la Serna ; edición de Agustín Muñoz-Alonso López y Jesús Rubio Jiménez. |
| 260 |
_aMadrid : _bCátedra, _c1995. |
||
| 300 |
_a583 p. : _bil. ; _c18 cm. |
||
| 490 | 1 |
_aLetras hispánicas _v401 |
|
| 504 | _aIncluye referencias bibliográficas : (p. 137-148). | ||
| 650 | 4 |
_aTeatro español _93071 |
|
| 650 | 4 |
_aLiteratura española _9632 |
|
| 700 | 1 |
_aMuñoz-Alonso López, Agustín, _d1954- _915655 |
|
| 700 | 1 |
_aRubio Jiménez, Jesús. _915656 |
|
| 830 | 0 |
_aLetras hispánicas ; _v401 _94208 |
|
| 910 | _aCatalogación por copia / LC | ||
| 910 | _aWM | ||
| 999 |
_c5338 _d5338 |
||